000 00702cam a22002293a 4500
001 40516
003 PGUSA
005 20140828083914.0
008 120816s2012||||xxu|||||s|||||000 | eng d
040 _aPGUSA
_beng
042 _adc
050 4 _aDS
100 1 _aRosny, Léon de,
_d1837-1914
245 1 0 _aLa civilisation japonaise :
_bconférences faites à l'école spéciale des langues orientales
_h[electronic resource] /
_cLéon de Rosny
260 _bProject Gutenberg,
_c2012
506 _aPublic domain in the USA.
516 _aElectronic text
653 _aJapan -- Civilization
830 0 _aProject Gutenberg
_v40516
856 4 0 _uhttp://www.gutenberg.org/ebooks/40516
942 _cEB
999 _c269769
_d269769